| 000 | 00323nam a2200097Ia 4500 | ||
|---|---|---|---|
| 082 | _a616.895 LIVI | ||
| 245 | 0 | _aLiving with bipolar : a practical guide for those with the disorder, their family and friends | |
| 100 |
_a Berk, Lesley London, 2009 _976154 |
||
| 942 | _cBK | ||
| 008 | 210817s9999 xx 000 0 und d | ||
| 999 |
_c252744 _d252743 |
||